Optimization problems /

Guardado en:
Autor Principal: Collatz, L. 1910-
Otros Autores: Wetterling, Wolfgang W. E., 1932-
Formato: Libro
Idioma:English
German
Publicado: New York : Springer-Verlag, 1975.
Series:Applied mathematical sciences (Springer-Verlag New York Inc.) ; v. 17.
Materias:
Etiquetas: Agregar Etiqueta
Sin Etiquetas, Sea el primero en etiquetar este registro!
LEADER 01042cam a2200301 a 4500
001 MAT.inmabb005931
008 750513s1975####nyua#####b####001#0#eng##
005 20150716191658.0
245 1 0 |a Optimization problems /  |c L. Collatz, W. Wetterling ; translated by P. Wadsack. 
260 |a New York :  |b Springer-Verlag,  |c 1975. 
300 |a x, 356 p. :  |b il. ;  |c 24 cm. 
490 1 |a Applied mathematical sciences ;  |v v. 17 
500 |a Traducción de: Optimierungsaufgaben. 
504 |a Bibliografía: p. 345-349. 
500 |a Incluye índice. 
510 4 |a MR,  |c 51 #13806 
020 |a 0387901434 
100 1 |a Collatz, L.  |q (Lothar),  |d 1910- 
240 1 0 |a Optimierungsaufgaben.  |l Inglés 
700 1 |a Wetterling, Wolfgang W. E.,  |d 1932- 
830 0 |a Applied mathematical sciences (Springer-Verlag New York Inc.) ;  |v v. 17. 
650 0 |a Mathematical optimization. 
650 0 |a Game theory. 
084 |a 49-02 (90Cxx)  |2 MR 
010 |a  75015795  
040 |a DLC  |c DLC  |d DLC 
041 1 |a eng  |h ger 
859 |h 49  |i C697  |p A-4710  |b BIB. MATEMATICA